[Event "Moscow Region-ch op"]
[Site "Moscow"]
[Date "2009.08.05"]
[Round "10"]
[White "Kulbachny, Vladimir"]
[Black "Grigoryeva, Natalya"]
[Result "1-0"]
[WhiteElo "1943"]
[BlackElo "2262"]
[PlyCount "115"]
[EventDate "2009.07.29"]
[EventType "swiss"]
[EventRounds "10"]
[EventCountry "RUS"]
[SourceTitle "CBM 131 Extra"]
[Source "ChessBase"]
[SourceDate "2009.09.03"]
[SourceVersion "2"]
[SourceVersionDate "2009.09.16"]
[SourceQuality "1"]

1. Nf3 d5 2. g3 Nf6 3. Bg2 g6 4. d4 Bg7 5. 0-0 0-0 6. c3 c5 7. dxc5 a5 8. Ne5 Qc7 9. Nd3 Bf5 10. Bf4 Qc8 11. b4 Bxd3 12. Qxd3 axb4 13. cxb4 Na6 14. Bd2 Ne4 15. Qxd5 Bxa1 16. Qxe4 Rb8 17. Nc3 Rd8 18. Nd5 Bf6 19. Bf4 Rxd5 20. Qxd5 Nxb4 21. Qb3 e5 22. Bxe5 Bxe5 23. Qxb4 Qe6 24. Qb3 Qe7 25. Rc1 Bd4 26. Qc4 Qf6 27. e3 Be5 28. Bd5 h5 29. Kg2 Bc7 30. Rb1 b6 31. cxb6 Rxb6 32. Rxb6 Bxb6 33. Qc6 Qxc6 34. Bxc6 Kg7 35. Kf3 Kf6 36. Ke4 Ba5 37. f4 g5 38. h3 gxf4 39. gxf4 h4 40. Kf3 Ke6 41. Kg4 Be1 42. e4 f6 43. Bd5+ Kd6 44. Kf5 Bc3 45. Be6 Kc6 46. Bd5+ Kc5 47. Bb3 Kd4 48. e5 fxe5 49. fxe5 Kc5 50. Ke6 Kc6 51. Bc4 Kc7 52. Bb5 Bb4 53. Kf7 Kd8 54. e6 Be7 55. a4 Bd6 56. a5 Bb4 57. a6 Bc5 58. a7 1-0

[Event "Moscow Region-ch op"]
[Site "Moscow"]
[Date "2009.07.31"]
[Round "3"]
[White "Grigoryeva, Natalya"]
[Black "Dzhangobegov, Vladimir"]
[Result "0-1"]
[WhiteElo "2262"]
[BlackElo "2242"]
[PlyCount "98"]
[EventDate "2009.07.29"]
[EventType "swiss"]
[EventRounds "10"]
[EventCountry "RUS"]
[SourceTitle "CBM 131 Extra"]
[Source "ChessBase"]
[SourceDate "2009.09.03"]
[SourceVersion "2"]
[SourceVersionDate "2009.09.16"]
[SourceQuality "1"]

1. d4 Nf6 2. c4 g6 3. Nc3 Bg7 4. e4 d6 5. f3 0-0 6. Bg5 Nbd7 7. Nh3 a6 8. Nf2 e5 9. d5 Qe8 10. g4 h6 11. Be3 Kh8 12. h4 Ng8 13. h5 f5 14. hxg6 f4 15. Bd2 Qxg6 16. Qc2 Bf6 17. 0-0-0 Kg7 18. Be2 Ne7 19. Rdg1 Bg5 20. Nb1 Rh8 21. Nh3 Nf6 22. Bd3 Qe8 23. b4 Bd7 24. c5 Ng6 25. Be1 Qe7 26. Bf2 Nh7 27. Kb2 Bh4 28. Bxh4 Nxh4 29. Qf2 Ng6 30. Nd2 a5 31. cxd6 Qxd6 32. Qc5 axb4 33. Qxd6 cxd6 34. Rc1 Rhc8 35. Rxc8 Rxc8 36. Rc1 Rxc1 37. Kxc1 Kf6 38. Kd1 Nh4 39. Ng1 Ng2 40. Nc4 Bb5 41. Nxe5 Ba4+ 42. Bc2 Bxc2+ 43. Kxc2 Kxe5 44. Kb3 Ng5 45. Kxb4 Ne1 46. a4 Ngxf3 47. Nxf3+ Nxf3 48. Kb5 Nd4+ 49. Kb6 f3 0-1